000 01036cam a22002295a 4500
001 L138690
002 2007/25
008 070703s2007 xxk f 000 0 eng d
035 _a(Sirsi) u138690
041 0 _aeng
050 0 4 _a333.0062 $2 18
110 2 _aRoyal Institution of Chartered Surveyors
_94900
245 0 0 _aRules of conduct for members
260 _aLondon
_bRICS
_c2007
300 _a8p.
_c21cm.
490 0 _aRICS Rules of Conduct
520 _aSets out the rules of member conduct as defined by the Regulatory Board under Article 18 of the Supplementary Charter 1973 and Section V of RICS Bye-Laws. These rules apply broadly to all professional member conduct. They cover interpretation; service of documents; integrity; competence; service; lifelong learning; solvency; and the conveyance of information to and cooperation with RICS.
650 2 4 _aRICS RULES OF CONDUCT
651 4 _aInternational
690 _aABOUT RICS-RICS PROFESSIONAL REGULATION AND CONSUMER PROTECTION-RICS RULES OF CONDUCT
942 _n0
999 _c107230
_d107230